[Event "GER GM06-A email"]
[Site "GER email"]
[Date "2017.06.26"]
[Round "?"]
[White "Cruzado Duenas, Carlos"]
[Black "Brodda, Wolfgang"]
[Result "1/2-1/2"]
[WhiteElo "2572"]
[BlackElo "2572"]
[PlyCount "65"]
[EventDate "2017.??.??"]
[EventType "tourn (corr)"]
[EventRounds "13"]
[EventCountry "GER"]
[SourceTitle "Corr 2020"]
[Source "ChessBase"]
[SourceDate "2019.09.30"]
[SourceVersion "1"]
[SourceVersionDate "2019.09.30"]
[SourceQuality "1"]

1. e4 c5 2. Nf3 Nc6 3. Nc3 e5 4. Bc4 Be7 5. d3 Nf6 6. Nd2 d6 7. Nf1 Bg4 8. f3 Be6 9. Ne3 0-0 10. 0-0 a6 11. a4 Nb4 12. Bd2 b6 13. Qe1 Re8 14. Kh1 Qd7 15. Ncd5 Nbxd5 16. exd5 Bf5 17. Nxf5 Qxf5 18. b4 Qd7 19. Bb3 b5 20. axb5 axb5 21. Rxa8 Rxa8 22. bxc5 dxc5 23. Qxe5 Bd6 24. Qe1 Re8 25. Qf2 Rc8 26. c4 Qf5 27. Rc1 Bxh2 28. g3 Qxd3 29. Bc3 Re8 30. Bxf6 Re2 31. Re1 Rxe1+ 32. Qxe1 gxf6 33. Kxh2 1/2-1/2

[Event "GER GM06-A email"]
[Site "GER email"]
[Date "2017.06.26"]
[Round "?"]
[White "Cruzado Duenas, Carlos"]
[Black "Manso Gil, Angel Jeronimo"]
[Result "1/2-1/2"]
[WhiteElo "2572"]
[BlackElo "2574"]
[PlyCount "77"]
[EventDate "2017.??.??"]
[EventType "tourn (corr)"]
[EventRounds "13"]
[EventCountry "GER"]
[SourceTitle "Corr 2020"]
[Source "ChessBase"]
[SourceDate "2019.09.30"]
[SourceVersion "1"]
[SourceVersionDate "2019.09.30"]
[SourceQuality "1"]

1. e4 e5 2. Nf3 Nc6 3. Bb5 a6 4. Ba4 Nf6 5. 0-0 Be7 6. Re1 b5 7. Bb3 0-0 8. d4 d6 9. c3 Bg4 10. Be3 exd4 11. cxd4 Na5 12. Bc2 c5 13. h3 Bxf3 14. Qxf3 cxd4 15. Bxd4 Nc6 16. Be3 d5 17. exd5 Qxd5 18. Nd2 Rad8 19. Rad1 Qxf3 20. Nxf3 Rxd1 21. Rxd1 Rd8 22. Rxd8+ Nxd8 23. Kf1 Nd5 24. Bd2 Nb4 25. Bb1 g6 26. Ne5 f6 27. Nd7 Kf7 28. a3 Ke6 29. Nb8 Bd6 30. Bxb4 Bxb8 31. Ba2+ Kd7 32. Bg8 Nc6 33. Bc3 Be5 34. Bxe5 fxe5 35. Bxh7 Ne7 36. Ke2 Ke6 37. h4 Kf6 38. h5 gxh5 39. Ke3 1/2-1/2

[Event "GER GM06-A email"]
[Site "GER email"]
[Date "2017.06.26"]
[Round "?"]
[White "De Oliveira, Joao Carlos"]
[Black "Cruzado Duenas, Carlos"]
[Result "1/2-1/2"]
[WhiteElo "2573"]
[BlackElo "2572"]
[PlyCount "64"]
[EventDate "2017.??.??"]
[EventType "tourn (corr)"]
[EventRounds "13"]
[EventCountry "GER"]
[SourceTitle "Corr 2020"]
[Source "ChessBase"]
[SourceDate "2019.09.30"]
[SourceVersion "1"]
[SourceVersionDate "2019.09.30"]
[SourceQuality "1"]

1. d4 d5 2. Nf3 Nf6 3. c4 c6 4. Nc3 e6 5. e3 Nbd7 6. Bd3 dxc4 7. Bxc4 b5 8. Bd3 a6 9. e4 c5 10. e5 cxd4 11. Nxb5 axb5 12. exf6 gxf6 13. 0-0 Qb6 14. Bf4 Bb7 15. Qe2 Bd6 16. Bxd6 Qxd6 17. Be4 Bxe4 18. Qxe4 0-0 19. Nxd4 Qe5 20. Qh4 Rfc8 21. b3 Rc5 22. Rfe1 Qh5 23. Qxh5 Rxh5 24. Nc6 Rc5 25. Nb4 Rac8 26. g3 Ne5 27. Kg2 h5 28. h4 Kg7 29. Rad1 Rc3 30. Re2 Nf3 31. Rd7 Ne5 32. Rd6 Rc1 1/2-1/2

[Event "GER GM06-A email"]
[Site "GER email"]
[Date "2017.06.26"]
[Round "?"]
[White "Finocchiaro, Fabio"]
[Black "Cruzado Duenas, Carlos"]
[Result "1/2-1/2"]
[WhiteElo "2591"]
[BlackElo "2572"]
[PlyCount "76"]
[EventDate "2017.??.??"]
[EventType "tourn (corr)"]
[EventRounds "13"]
[EventCountry "GER"]
[SourceTitle "Corr 2020"]
[Source "ChessBase"]
[SourceDate "2019.09.30"]
[SourceVersion "1"]
[SourceVersionDate "2019.09.30"]
[SourceQuality "1"]

1. d4 d5 2. c4 c6 3. Nf3 Nf6 4. Nc3 e6 5. Bg5 dxc4 6. e4 b5 7. e5 h6 8. Bh4 g5 9. Nxg5 hxg5 10. Bxg5 Nbd7 11. g3 Bb7 12. Bg2 Qb6 13. exf6 0-0-0 14. 0-0 c5 15. d5 b4 16. Na4 Qb5 17. a3 Nb8 18. axb4 cxb4 19. Qg4 Bxd5 20. Rfc1 Nc6 21. Bxd5 Rxd5 22. Rxc4 Rxg5 23. Qd4 Kb8 24. Rxc6 Rxg3+ 25. fxg3 Qxc6 26. Rd1 Qc7 27. b3 Kc8 28. Qe3 Kb8 29. Qd2 Bc5+ 30. Nxc5 Qxc5+ 31. Qd4 Qc3 32. Qxc3 bxc3 33. Rc1 Rc8 34. Kf2 Rc5 35. Ke3 Kc7 36. Kd3 Kd6 37. g4 Ke5 38. Rxc3 Rxc3+ 1/2-1/2

[Event "GER GM06-A email"]
[Site "GER email"]
[Date "2017.06.26"]
[Round "?"]
[White "Korze, Danilo"]
[Black "Cruzado Duenas, Carlos"]
[Result "1/2-1/2"]
[WhiteElo "2549"]
[BlackElo "2572"]
[PlyCount "43"]
[EventDate "2017.??.??"]
[EventType "tourn (corr)"]
[EventRounds "13"]
[EventCountry "GER"]
[SourceTitle "Corr 2020"]
[Source "ChessBase"]
[SourceDate "2019.09.30"]
[SourceVersion "1"]
[SourceVersionDate "2019.09.30"]
[SourceQuality "1"]

1. e4 e5 2. Nf3 Nc6 3. Bb5 a6 4. Ba4 Nf6 5. 0-0 Be7 6. Re1 b5 7. Bb3 0-0 8. c3 d5 9. exd5 Nxd5 10. Nxe5 Nxe5 11. Rxe5 c6 12. d4 Bd6 13. Re1 Qh4 14. g3 Qh3 15. Qf3 Bg4 16. Qg2 Qh5 17. Be3 a5 18. Nd2 a4 19. Bxd5 cxd5 20. Bf4 Bh3 21. Qf3 Qxf3 22. Nxf3 1/2-1/2